00209nam a2200085Ia 4500008004100000100001500041245003200056260002500088300001000113190216s9999||||xx |||||||||||||| ||und|| aMithal G K 0aGate Mechanical Engineering bG K Publishersc1997 a1230p